Statistics for Title in the Lyrics: Eurovision Edition

Click here to take the quiz!

General Stats

  • This quiz has been taken 18 times
  • The average score is 7 of 15

Answer Stats

Answer% Correct
Small-town boy in a big {arcade} / I got addicted to a losing game
81%
We are the {heroes} of our time / But we're dancing with the demons in our minds
81%
{Waterloo} / I was defeated / you won the war
75%
{If} {love} {was} {a} {crime} / then we would be criminals / locked up for life / but I'll do the time
56%
Volevi solo {soldi}, {soldi} (clap clap)
50%
{Ne} {partez} {pas} {sans} {moi} / laissez-moi vous suivre
44%
You are the one / you're {my} {number} {one} / the only treasure I'll ever have
44%
Can you feel the rhythm in my heart ? / The beat's going {Düm} {tek} {tek}
38%
{Congratulations} / and celebrations / when I tell everyone that you're in love with me
31%
{Everyway} {that} {I} {can} / I'll try to make you love me again
31%
My heart goes {boom} {bang}-{a}-{bang}, {boom} {bang}-{a}-{bang} when you are near / {boom} {bang}-{a}-{bang}, {boom} {bang}-{a}-{bang} loud in my ear
31%
{Hold} {me} {now} / don't cry / don't say a word
25%
{Love} {shine} {a} {light} / in every corner of my heart
25%
Is he magical? / Logical? / Natural wonder / He's got the makings of my {7th} {wonder}
19%
{Set} {me} {free} / Feel my beating heart in perfect harmony / Don't let me down
19%

Score Distribution

Percentile by Number Answered

Percent of People with Each Score

Your Score History

You have not taken this quiz